Human capital, screening theory and education in agriculture

Teória ľudského kapitálu poníma vzdelanie ako špecifický výrobný faktor a ako špecifický druh kapitálu. Popri tejto teórii boli vyvinuté alternatívne koncepcie vzdelávania. Teória filtrov sa zaoberá selektívnou funkciou vzdelávania a vytvára odlišné poňatie ekonomickej analýzy javov v oblasti vzdelá...

Ausführliche Beschreibung

Gespeichert in:
Bibliographische Detailangaben
1. Verfasser: Soukup, Alexandr
Format: Buchkapitel
Sprache:Englisch
Schlagworte:
Tags: Tag hinzufügen
Keine Tags, Fügen Sie das erste Tag hinzu!

MARC

LEADER 00000naa$a2200000$$$4500
001 0067763
005 20231128141436.2
041 0 |a eng 
044 |a CZ 
245 1 0 |a Human capital, screening theory and education in agriculture  |c Alexandr Soukup 
520 |a Teória ľudského kapitálu poníma vzdelanie ako špecifický výrobný faktor a ako špecifický druh kapitálu. Popri tejto teórii boli vyvinuté alternatívne koncepcie vzdelávania. Teória filtrov sa zaoberá selektívnou funkciou vzdelávania a vytvára odlišné poňatie ekonomickej analýzy javov v oblasti vzdelávania. Podobná je teória signálov a zaoberá sa informovanosťou a rozhodovaním účastníkov trhu práce. Stavy signálnej rovnováhy sú lepšie alebo horšie z hľadiska Paretovej efektívnosti a z hľadiska väčších alebo menších rozdielov medzi súkromnými a spoločenskými výnosmi zo vzdelávania. 
610 2 0 |a poľnohospodárstvo 
610 2 0 |a vzdelávanie 
610 2 0 |a kapitál ľudský 
100 1 |a Soukup, Alexandr